000 00337nam a22001217a 4500
008 230227b |||||||| |||| 00| 0 eng d
050 _aPR6015.A6425 K7
100 _aWyndham,John
_943770
245 _aThe kraken wakes;
_cJohn, Wyndham
260 _aAustralia:
_bPenguin Books,
_c1953.
300 _a239P;
_c18cm.
942 _2lcc
_cMONOGRAPH
999 _c131635
_d131635